NFL QB’s Colleges - Statistics

General Stats
  • This quiz has been taken 104 times
  • The average score is 40 of 68
Answer Stats
Hint Answer % Correct
Peyton Manning Tennessee
94%
Cam Newton Auburn
90%
Joe Burrow LSU
88%
Baker Mayfield Oklahoma
88%
Tom Brady Michigan
87%
Eli Manning Ole Miss
87%
Matthew Stafford Georgia
84%
Justin Herbert Oregon
84%
Andrew Luck Stanford
84%
Jared Goff Cal
83%
Jameis Winston Florida State
83%
C.J. Stroud Ohio State
80%
Josh Allen Wyoming
80%
Deshaun Watson Clemson
78%
Russell Wilson Wisconsin
78%
Robert Griffin lll Baylor
76%
Drake Maye North Carolina
76%
Vince Young Texas
76%
Brock Purdy Iowa State
75%
Dak Prescott Mississippi state
73%
Derek Carr Fresno State
72%
Carson Palmer USC
72%
Daniel Jones Duke
71%
Drew Brees Purdue
71%
Michael Vick Virginia Tech
71%
Kirk Cousins Michigan State
70%
Carson Wentz North Dakota State
67%
Jordan Love Utah State
67%
Ben Rothlisberger Miami Ohio
66%
A.J. McArron Alabama
65%
Joe Flacco Delaware
64%
Drew Lock Missouri
63%
Ryan Tannehill Texas A&M
63%
Matt Ryan Boston College
61%
Alex Smith Utah
61%
Steve Young BYU
60%
Jay Cutler Vanderbilt
60%
Trace McSourly Penn State
59%
Geno Smith West Virginia
59%
Ryan Fitzpatrick Harvard
57%
Philip Rivers NC State
55%
Andy Dalton TCU
55%
Malik Willis Liberty
54%
Brett Favre Southern Miss
53%
Dan Marino Pitt
52%
Gardner Minshew Washington State
52%
Colin Kapernick Nevada
49%
Blake Bortles UCF
49%
Troy Aikman UCLA
48%
Deshone Kizer Notre Dame
47%
Case Keenum Houston
45%
Roger Staubach Navy
45%
Terry Bradshaw Louisiana Tech
40%
Bailey Zappe Western Kentucky
40%
Mason Rudolph Oklahoma State
39%
Rex Grossman Florida
37%
Chad Pennington Marshall
37%
Jimmy Garapollo Eastern Illinois
36%
Tim Couch Kentucky
35%
Kurt Warner Northern Iowa
34%
Taylor Heinicke Old Dominion
31%
Steve McNair Alcorn State
30%
Jake Plummer Arizona State
24%
Johnny Unitas Louisville
23%
Randell Cunningham UNLV
22%
Warren Moon Washington
14%
Jake Dehlomme Louisiana Lafayette
7%
Jeff Garcia San Jose State
6%
No matching quizzes found
Score Distribution
Percent of People with Each Score
Percentile by Number Answered
Your Score History
You have not taken this quiz